BSOP header

Toward a Christian fellowship / (Record no. 31236)

MARC details
000 -LEADER
fixed length control field 00523nam a2200157 4500
008 - FIXED-LENGTH DATA ELEMENTS--GENERAL INFORMATION
fixed length control field 080423s1957 inu 000 0 eng
090 ## - LOCALLY ASSIGNED LC-TYPE CALL NUMBER (OCLC); LOCAL CALL NUMBER (OCLC)
Classification number (OCLC) (R) ; Classification number, CALL (RLIN) (NR) BX7094.C53
Local cutter number (OCLC) ; Book number/undivided call number, CALL (RLIN) St4t
100 1# - MAIN ENTRY--PERSONAL NAME
Personal name Sterner, R. Eugene.
245 10 - TITLE STATEMENT
Title Toward a Christian fellowship /
Statement of responsibility, etc by R. Eugene Sterner.
260 ## - PUBLICATION, DISTRIBUTION, ETC. (IMPRINT)
Place of publication, distribution, etc Anderson, Ind. :
Name of publisher, distributor, etc Warner Press,
Date of publication, distribution, etc 1957.
300 ## - PHYSICAL DESCRIPTION
Extent 112 p. ;
Dimensions 20 cm.
610 24 - SUBJECT ADDED ENTRY--CORPORATE NAME
Corporate name or jurisdiction name as entry element Church of God (Anderson, Ind.)
General subdivision Doctrines.
650 #4 - SUBJECT ADDED ENTRY--TOPICAL TERM
Topical term or geographic name as entry element Church.
951 ## - EQUIVALENCE OR CROSS-REFERENCE-GEOGRAPHIC NAME/AREA NAME [OBSOLETE] [CAN/MARC only]
General subdivision 00017232
951 ## - EQUIVALENCE OR CROSS-REFERENCE-GEOGRAPHIC NAME/AREA NAME [OBSOLETE] [CAN/MARC only]
-- 4167
-- BX7094.C53/St4t
-- 080423144815608
-- 2000-12-21
-- GC
Holdings
Withdrawn status Lost status Damaged status Not for loan Home library Current library Shelving location Date acquired Accession number Shelving control number Total Checkouts Full call number Barcode Date last seen Price effective from Koha item type
        BSOP Library BSOP Library GC 12/21/2000 4167 127   BX7094.C53/St4t 00017232 02/23/2013 02/23/2013 Books
BSOP

Biblical Seminary of the Philippines
  All rights Reserved
  © 2024

CONTACT INFORMATION

Biblical Seminary of the Philippines,
  77-B Karuhatan Road, Valenzuela City,
  PHILIPPINES 1441
  Phone: +632 8292-6795 / 8292-6798
  Fax : +632 8292-6675
  Email: library@bsop.edu.ph